Polar bear puzzle / (Record no. 2378)

MARC details
000 -LEADER
fixed length control field 01383cam a2200361 a 4500
005 - DATE AND TIME OF LATEST TRANSACTION
control field 20231121140259.0
020 ## - INTERNATIONAL STANDARD BOOK NUMBER
International Standard Book Number 9781600400049 (hardcover : alk. paper)
020 ## - INTERNATIONAL STANDARD BOOK NUMBER
International Standard Book Number 9780545068383
020 ## - INTERNATIONAL STANDARD BOOK NUMBER
International Standard Book Number 9781600400056 (reinforced lib. bdg. : alk. paper)
040 ## - CATALOGING SOURCE
Original cataloging agency DLC
Transcribing agency DLC
Modifying agency DLC
Language of cataloging eng
050 00 - LIBRARY OF CONGRESS CALL NUMBER
Classification number PZ7.L9787155
Item number Pol 2007
082 00 - DEWEY DECIMAL CLASSIFICATION NUMBER
Classification number 599.786
Edition number 22
100 1# - MAIN ENTRY--PERSONAL NAME
Personal name Lumry, Amanda
245 10 - TITLE STATEMENT
Title Polar bear puzzle /
Statement of responsibility, etc. by Amanda Lumry & Laura Hurwitz.
250 ## - EDITION STATEMENT
Edition statement First Scholastic paperback printing, January 2009
260 ## - PUBLICATION, DISTRIBUTION, ETC.
Place of publication, distribution, etc. Bellevue :
Name of publisher, distributor, etc. Scholastic,
Date of publication, distribution, etc. 2007
300 ## - PHYSICAL DESCRIPTION
Extent 33 pages :
Other physical details color illustrations
Dimensions 25 x 28 cm
490 0# - SERIES STATEMENT
Series statement Adventures of Riley
500 ## - GENERAL NOTE
General note "Smithsonian Institution"--Cover.
500 ## - GENERAL NOTE
General note "Widlife Conservation Society"--Cover.
505 ## - FORMATTED CONTENTS NOTE
Formatted contents note T
520 ## - SUMMARY, ETC.
Summary, etc. Riley, Uncle Max, Aunt Martha, and Cousin Alice meet in northern Canada, where they study and help polar bears that are wandering through towns while waiting for Hudson Bay to freeze over again so that they can hunt for seals.
521 1# - TARGET AUDIENCE NOTE
Target audience note 860
Source Lexile
521 1# - TARGET AUDIENCE NOTE
Target audience note T
Source Raz-Plus
650 #1 - SUBJECT ADDED ENTRY--TOPICAL TERM
Topical term or geographic name entry element Polar bears
Form subdivision Fiction.
650 #1 - SUBJECT ADDED ENTRY--TOPICAL TERM
Topical term or geographic name entry element Bears
Form subdivision Fiction.
650 #1 - SUBJECT ADDED ENTRY--TOPICAL TERM
Topical term or geographic name entry element Human-animal relationships
Form subdivision Fiction.
650 #1 - SUBJECT ADDED ENTRY--TOPICAL TERM
Topical term or geographic name entry element Animals
Geographic subdivision Polar regions
Form subdivision Fiction.
700 1# - ADDED ENTRY--PERSONAL NAME
Personal name Hurwitz, Laura
Relator term Coauthor
906 ## - LOCAL DATA ELEMENT F, LDF (RLIN)
a 7
b cbc
c orignew
d 1
e ecip
f 20
g y-gencatlg
942 ## - ADDED ENTRY ELEMENTS (KOHA)
Source of classification or shelving scheme Dewey Decimal Classification
Koha item type Books
Suppress in OPAC No
999 ## -
-- 2378
-- 2378
Holdings
Withdrawn status Lost status Source of classification or shelving scheme Damaged status Not for loan Collection Home library Current library Shelving location Date acquired Total Checkouts Full call number Barcode Date last seen Price effective from Koha item type Copy number
    Dewey Decimal Classification     Juvenile Fiction Footprints International School Library Network Toul Kork Campus Footprints International School Library Network Toul Kork Campus   11/21/2023   LUM 599.786 PZ7.L9787155 FISBK06016 11/21/2023 11/21/2023 Books  
    Dewey Decimal Classification     Juvenile Fiction Footprints International School Library Network Toul Kork Campus Footprints International School Library Network Toul Kork Campus A TK Campus, 4th Floor, Room B401, Fiction Bookcases (1-6) 11/01/2024   LUM 599.786 PZ7.L9787155 2024-2271 11/01/2024 11/01/2024 Books 2